000 00691nam a2200253Ia 4500
001 31468
005 20240114001528.0
007 ta
008 060808s1932 g b000 u 465 u
040 _aCotton College,Assam
041 _a465
082 _a294.23
_bB 469 B
100 _aBhat, Vishwas G. .
245 0 _aThe Bhagavadgita: A Study /
_cVishwas G.Bhat.
_hTextual Documents
250 _a1st ed. /
260 _aPoons :
_bAryasamaskriti Press ,
_c1932.
300 _a275p. ;
_c20cm.
653 _aBhagavadgita-Critical Study
653 _aReligious Literature-Bhagavadgita
653 _aG-Religion
942 _2ddc
_cBK
999 _c31450
_d31450